Segunda Parte del Ingenioso Cavallero Don Quixote de la Mancha. Año 1615

Tallennettuna:
Bibliografiset tiedot
Päätekijä: Cervantes y Saavedra, Miguel de (Tekijä)
Aineistotyyppi: Kirja
Kieli:espanja
Julkaistu: Barcelona Montaner y Simón 1928
Painos:1a. ed
Aiheet:
Tagit: Lisää tagi
Ei tageja, Lisää ensimmäinen tagi!

MARC

LEADER 00000nam a2200000 a 4500
001 UCJ8264
003 CL-VaPUC
008 070124e19280000SP |||||||||||||||||spa|d
082 0 4 |a 863  |b CER  |2 21 
100 |a Cervantes y Saavedra, Miguel de  |e author  |9 267947 
245 1 0 |a Segunda Parte del Ingenioso Cavallero Don Quixote de la Mancha. Año 1615 
250 |a 1a. ed 
300 |a 280 p 
942 |c BK 
945 |d 20070124 00:00:00  |a rinostro 
260 |a Barcelona  |b Montaner y Simón  |c 1928 
500 |a 8§, tela, plancha dorada.- 8 h, 280 fols., 4 h 
500 |a Esta edición, facsimilar de la primera de 1615, se ha tratado de pasar como primera, previo cambio de las cubiertas por otras de becerro  
650 7 |a NOVELA ESPAÑOLA  |2 CL-VaPUC  |9 313139 
650 7 |a EDICION FACSIMILAR  |2 CL-VaPUC  |9 331934 
583 |a last modification  |c 20070124 00:00:00  |k Rodrigo Vera 
999 |c 324039  |d 324037 
952 |0 0  |1 0  |4 0  |6 863_000000000000000_CER_1928  |7 0  |8 X  |9 403935  |a FDOBUD  |b FDOBUD  |d 2019-11-22  |i 1014501  |o 863 CER 1928  |p 1014501  |r 2019-11-22  |w 2019-11-22  |y BK_X  |k BUD